LEADER 01391nam 2200409 450 001 9910511631303321 010 $a1-4963-8658-2 035 $a(CKB)3710000001067837 035 $a(MiAaPQ)EBC5340679 035 $a(EXLCZ)993710000001067837 100 $a20160926d2017 uy| 0 101 0 $aeng 135 $aurcnu|||||||| 181 $2rdacontent 182 $2rdamedia 183 $2rdacarrier 200 00$aFenoglio-Preiser's gastrointestinal pathology /$f[edited by] Amy Noffsinger 205 $aFourth edition. 210 1$aPhiladelphia :$cWolters Kluwer,$d[2017] 215 $a1 online resource (513 pages) $ccolor illustrations 300 $aPreceded by Gastrointestinal pathology : an atlas and text / Cecilia M. Fenoglio-Preiser [and others]. 3rd edition. 2008. 311 $a1-4963-2907-4 320 $aIncludes bibliographical references and index. 606 $aGastrointestinal system$xDiseases$xPathophysiology 606 $aDigestive organs$xAnatomy 608 $aElectronic books. 615 0$aGastrointestinal system$xDiseases$xPathophysiology. 615 0$aDigestive organs$xAnatomy. 676 $a616.3/3071 702 $aNoffsinger$b Amy 801 0$bMiAaPQ 801 1$bMiAaPQ 801 2$bMiAaPQ 906 $aBOOK 912 $a9910511631303321 996 $aFenoglio-Preiser's gastrointestinal pathology$92550583 997 $aUNINA LEADER 01180nam 2200361 450 001 9910706524603321 005 20180109100529.0 035 $a(CKB)5470000002457204 035 $a(OCoLC)1015202123 035 $a(EXLCZ)995470000002457204 100 $a20171211d1984 ua 0 101 0 $aeng 135 $aur||||||||||| 181 $ctxt$2rdacontent 182 $cc$2rdamedia 183 $acr$2rdacarrier 200 03$aAn emerging technology $evacuum-assisted sludge dewatering beds: an alternative approach 210 1$a[Washington, D.C.] :$cUnited States Environmental Protection Agency,$d1984. 215 $a1 online resource (8 unnumbered pages) $cillustrations 300 $a"November 1984." 300 $a"Prepared by Environmental Resources Management, Inc."--Page 8. 517 $aEmerging technology 606 $aSewage sludge 606 $aSewage sludge digestion 615 0$aSewage sludge. 615 0$aSewage sludge digestion. 712 02$aUnited States.$bEnvironmental Protection Agency, 801 0$bGPO 801 1$bGPO 906 $aBOOK 912 $a9910706524603321 996 $aAn emerging technology$93466915 997 $aUNINA